| 000 | 00000nam##2200000za#4500 |
| 001 | 9.604041 |
| 003 | CaOODSP |
| 005 | 20260128153022 |
| 007 | cr ||||||||||| |
| 008 | 150406|2002||||xxc|||||o f|0| 0 fre|d |
| 022 | |a1488-545X |
| 040 | |aCaOODSP|bfre |
| 043 | |an-cn--- |
| 086 | 1 |aFs97-6/2394F-PDF |
| 110 | 2 |aInstitut Maurice-Lamontagne. |
| 245 | 10|aInventaire de l'oursin vert (Strongylocentrotus droebachiensis) au Bas-Saint-Laurent à l'aide d'une caméra vidéo sous-marine / |h[ressource électronique]|c[par] Line Pelletier et Pierre Gauthier. |
| 260 | |aMont-Joli - Québec : |bPêches et Océans Canada. |cc2002. |
| 300 | |a40p.|bgraphiques, cartes, références, tableaux, photographies |
| 490 | 1 |aRapport technique canadien des sciences halieutiques et aquatiques|x1488-545X|vN° 2394 |
| 500 | |aLe n° de catalogue (Fs97-6/2394F) et l'ISSN (0706-6570) de l'édition imprimée ont été incorrectement copiés dans l'édition électronique. |
| 546 | |a(Abstract in English) |
| 590 | |a12-23-Supp|b2012-05-28 |
| 720 | 1 |aGauthier, Pierre |
| 720 | 1 |aPelletier, Line |
| 776 | 0#|tInventaire de l'oursin vert (Strongylocentrotus droebachiensis) au Bas-Saint-Laurent à l'aide d'une caméra vidéo sous-marine / |w(CaOODSP)9.625964 |
| 830 | #0|aRapport technique canadien des sciences halieutiques et aquatiques,|x1488-545X|vN° 2394|w(CaOODSP)9.500867 |
| 856 | 40|ahttp://publications.gc.ca|qPDF|s1.83 Mo|uhttps://publications.gc.ca/collections/collection_2012/mpo-dfo/Fs97-6-2394-fra.pdf|yN° 2394 |